• 首页
  • 本馆介绍
  • 公告通知
  • 最新文献
  • 馆藏检索
  • 电子资源
  • 读者导购
  • 参考咨询
  • 我的图书馆
  • 登录
  • 详细信息显示
  • 放入我的书架
  • 预约/预借图书
  • 作者相关作品
  • 分类相关作品
  • 丛书相关作品
  • 出版社相关作品

书目信息

  • 表格格式
  • 工作单格式
  • 卡片格式
题名:
互换性与测量技术
    
 
作者: 郑建中 主编 ;南秀蓉 , 薛玮珠 副主编
分册:  
出版信息: 杭州   浙江大学出版社  2004
页数: 221页
开本: 23cm
丛书名:
单 册:
中图分类: TG8
科图分类:
主题词: 公差 , 技术测量 , 机械量仪 , 量具
电子资源:
ISBN: 7-308-03821-1
000 00988nam0 2200313 45
001 020000022851
005 20050912172054.21
010    @a7-308-03821-1@dCNY21.00
100    @a20041110d2004 ekmy0chiy0120 ea
101 0  @achi
102    @aCN@b330000
105    @aak az 000yy
200 1  @a互换性与测量技术@Ahu huan xing yu ce liang ji shu@f郑建中主编@Fzheng jian zhong zhu bian@g南秀蓉,薛玮珠副主编
210    @a杭州@c浙江大学出版社@d2004
215    @a221页@c图@d23cm
300    @a高职高专规划教材
300    @a机电专业系列教材
320    @a有书目
330    @a本书注重讲述基本概念与标准的应用并列举代表性选用实例,全面地介绍机械测量技术几何量的各种误差检测方法与原理。
606 0  @a公差
606 0  @a技术测量
606 0  @a机械量仪
606 0  @a量具
690    @aTG8@v4
701  0 @a郑建中@Azheng jian zhong@4主编
702  0 @a南秀蓉@Anan xiu rong@4副主编
702  0 @a薛玮珠@Axue wei zhu@4副主编
801  0 @aCN@bTSSF@c20050912
905    @a10447@dTG8@e8
    
    互换性与测量技术/郑建中主编/南秀蓉,薛玮珠副主编 .-杭州:浙江大学出版社,2004
    221页:图;23cm
    高职高专规划教材.-机电专业系列教材
    
    ISBN 7-308-03821-1:CNY21.00
    本书注重讲述基本概念与标准的应用并列举代表性选用实例,全面地介绍机械测量技术几何量的各种误差检测方法与原理。
●
相关链接 在E读中查询图书 在五车中查询图书 在当当中查询图书 在豆瓣中查询图书


正题名:互换性与测量技术     索取号:TG8/8         预约/预借

序号 登录号 条形码 馆藏地/架位号 状态 备注
1 0360978   3609786   第二样本阅览室/ [索取号:TG8/8] 在馆    
2 0360979   3609795   第三借阅区/ [索取号:TG8/8] 在馆    
3 0360980   3609802   第三借阅区/ [索取号:TG8/8] 在馆    
4 0360981   3609811   第三借阅区/ [索取号:TG8/8] 在馆    
5 0360982   3609820   第三借阅区/ [索取号:TG8/8] 在馆    
6 0360983   3609839   第三借阅区/ [索取号:TG8/8] 在馆    
唐山师范学院图书馆 欢迎您!
大连网信软件有限公司© 版权所有